Be your own architect / (Record no. 26349)

000 -LEADER
fixed length control field 00995pam a2200289 a 4500
001 - CONTROL NUMBER
control field 1510574
003 - CONTROL NUMBER IDENTIFIER
control field OSt
005 - DATE AND TIME OF LATEST TRANSACTION
control field 20170204092652.0
008 - FIXED-LENGTH DATA ELEMENTS--GENERAL INFORMATION
fixed length control field 891103s1990 paua 001 0 eng
010 ## - LIBRARY OF CONGRESS CONTROL NUMBER
LC control number 89048464
020 ## - INTERNATIONAL STANDARD BOOK NUMBER
International Standard Book Number 0830683364 :
Terms of availability $26.95
020 ## - INTERNATIONAL STANDARD BOOK NUMBER
International Standard Book Number 0830633367 (pbk.) :
Terms of availability $16.60
040 ## - CATALOGING SOURCE
Original cataloging agency DLC
Transcribing agency DLC
Modifying agency DLC
050 00 - LIBRARY OF CONGRESS CALL NUMBER
Classification number NA7115
Item number .W48 1990
082 00 - DEWEY DECIMAL CLASSIFICATION NUMBER
Classification number 728/.37
Edition number 20
100 1# - MAIN ENTRY--PERSONAL NAME
Personal name Williams, Gene B.
245 10 - TITLE STATEMENT
Title Be your own architect /
Statement of responsibility, etc. Gene B. Williams.
250 ## - EDITION STATEMENT
Edition statement 1st ed.
260 ## - PUBLICATION, DISTRIBUTION, ETC. (IMPRINT)
Place of publication, distribution, etc. Blue Ridge Summit, PA :
Name of publisher, distributor, etc. Tab Books,
Date of publication, distribution, etc. c1990.
300 ## - PHYSICAL DESCRIPTION
Extent xii, 276 p. :
Other physical details ill. ;
Dimensions 25 cm.
500 ## - GENERAL NOTE
General note Includes index.
650 #0 - SUBJECT ADDED ENTRY--TOPICAL TERM
Topical term or geographic name as entry element Architecture, Domestic
General subdivision Amateurs' manuals.
650 #0 - SUBJECT ADDED ENTRY--TOPICAL TERM
Topical term or geographic name as entry element Architecture, Domestic
General subdivision Designs and plans.
906 ## - LOCAL DATA ELEMENT F, LDF (RLIN)
a 7
b cbc
c orignew
d 1
e ocip
f 19
g y-gencatlg
942 ## - ADDED ENTRY ELEMENTS (KOHA)
Source of classification or shelving scheme
Koha item type Hard Covered Materials
Classification part NA 7115 .W48 1990
Holdings
Withdrawn status Lost status Source of classification or shelving scheme Damaged status Not for loan Home library Current library Shelving location Date acquired Source of acquisition Total Checkouts Full call number Barcode Date last seen Price effective from Koha item type
          MACHAKOS UNIVERSITY LIBRARY MACHAKOS UNIVERSITY LIBRARY Technical section 04/02/2017 Donation(B.F.A)   NA 7115 .W48 1990 33921 13/07/2018 04/02/2017 Hard Covered Materials
© Machakos University Library, Along The Highway, Machakos Wote Rd, Machakos, Kenya P.O. Box 136 - 90100 Machakos - Kenya

Tel: ( +254 ) 723 805829 OR Fax : 044-20353 OR Email: library@mksu.ac.ke